=LDR 00000nam 2200000 4500 =001 INLIS000000000014640 =005 20130612105923 =008 ***********************************Ind** =035 ##$$0010-061300000014640 =041 ##$$a Ind =082 ##$$a 634.772 =090 ##$$a 634.772, San p =100 ##$$a Sansan, Latifah =245 ##$$a Pisang hias, Latifah sansan, sansan faten umara =260 ##$$a 1991 $b jakarta =300 ##$$a vivi, 141 hlm, Ilus, 12 cm =650 ##$$a Pisang hias =700 ##$$a Umura, sansan faten =850 ##$$a NBPNMAT